| 000 | 005210000a22001810004500 | ||
|---|---|---|---|
| 003 | MACL | ||
| 005 | 20160224125239.0 | ||
| 008 | 160224b xxu||||| |||| 00| 0 eng d | ||
| 040 |
_aMACL _cMACL |
||
| 041 | _aHindi | ||
| 082 | _a800 | ||
| 100 |
_aमहाकवि केशव कृत _939962 |
||
| 245 | _aविज्ञान गीता सदोक | ||
| 260 |
_bमातृभाषा मंदिर _aप्रयाग _c2011 |
||
| 350 | _a3 | ||
| 650 |
_aLiteracture _939932 |
||
| 942 |
_cHIN _k800 _2ddc |
||
| 999 |
_c23421 _d23421 |
||